Asom buranji/ (Record no. 4753)

MARC details
000 -LEADER
fixed length control field 00535cam a2200217ua 4500
005 - DATE AND TIME OF LATEST TRANSACTION
control field 20250214060915.0
008 - FIXED-LENGTH DATA ELEMENTS--GENERAL INFORMATION
fixed length control field 131005n ii |||gr||||Z||||||asm
040 ## - CATALOGING SOURCE
Transcribing agency MAIN
041 ## - LANGUAGE CODE
Language code of sung or spoken text Assamese
082 ## - DEWEY DECIMAL CLASSIFICATION NUMBER
Classification number 954.162
Item number GAI
100 ## - MAIN ENTRY--PERSONAL NAME
Personal name Gait, Edward
245 ## - TITLE STATEMENT
Title Asom buranji/
Statement of responsibility, etc. By Sir Edward Gait
250 ## - EDITION STATEMENT
Edition statement 2nd ed.
260 ## - PUBLICATION, DISTRIBUTION, ETC.
Place of publication, distribution, etc. Guwahati:
Name of publisher, distributor, etc. Lawyers Book Stall,
Date of publication, distribution, etc. 1991.
300 ## - PHYSICAL DESCRIPTION
Extent 329p.
650 ## - SUBJECT ADDED ENTRY--TOPICAL TERM
Topical term or geographic name entry element History of Assam
700 ## - ADDED ENTRY--PERSONAL NAME
Personal name Begum, Chenehi
Relator term Translator
942 ## - ADDED ENTRY ELEMENTS (KOHA)
Koha item type Books
Source of classification or shelving scheme Dewey Decimal Classification
653 ## - INDEX TERM--UNCONTROLLED
Uncontrolled term History
653 ## - INDEX TERM--UNCONTROLLED
Uncontrolled term Asom Buranji
Holdings
Withdrawn status Lost status Damaged status Not for loan Home library Current library Shelving location Date acquired Total Checkouts Full call number Barcode Date due Date last seen Date last checked out Copy number Price effective from Koha item type
        Naharkatiya College Library Naharkatiya College Library General Stacks 19/09/2020 3 954.162 | GAI 1504 19/02/2023 20/01/2023 20/01/2023 4 19/09/2020 Books
        Naharkatiya College Library Naharkatiya College Library General Stacks 19/09/2020 1 954.162 | GAI 3848   28/07/2021 20/04/2021 2 19/09/2020 Books
        Naharkatiya College Library Naharkatiya College Library General Stacks 19/09/2020   954.162 | GAI 3850   19/09/2020   3 19/09/2020 Books
        Naharkatiya College Library Naharkatiya College Library General Stacks 19/09/2020 3 954.162 | GAI 3851   30/01/2026 22/01/2026 1 19/09/2020 Books

Naharkatiya College © 2020. All rights reserved.

Powered By